| 000 | 00835 a2200181 4500 | ||
|---|---|---|---|
| 003 | Nust | ||
| 005 | 20221116131823.0 | ||
| 040 | _cNust | ||
| 082 | _a621.3741,MUL | ||
| 245 |
_aSampling oscilloscope circuits / _cJohn Mulvey |
||
| 250 | _a1st ed | ||
| 260 |
_aCircuits concepts _bTektronix _c1970 |
||
| 300 | _a246 p | ||
| 505 | _aIntroduction to Sampling Principles (Page-1), Basic Circuit Functions and Relationships (Page-5), Sampling Amplifying and Holding Circuits (Page-55), RAMP Triggering and RAMP Delay Circuits (Page-115), Sequential Mode Timing and Strobe Delay Circuits (Page-157), Radom Mode Circuits (Page-203) Definition of Terms (Page—227), Subject Index (Page-237), Instrument Diagram Index (Page-238). | ||
| 600 |
_aMulvey John _9102692 |
||
| 650 |
_aSampling oscilloscope circuits _9102693 |
||
| 942 |
_2ddc _cBK |
||
| 999 |
_c181037 _d181037 |
||